|
|
|
|
| LEADER |
00000ckm a2200000 a 4500 |
| 001 |
vtls001208483 |
| 003 |
SK-MaSNL |
| 005 |
20260331203348.0 |
| 007 |
kf co |
| 008 |
231121s1990 xo g 0kuslo |
| 015 |
|
|
|a SNBG1990
|
| 035 |
|
|
|a SNK000151553
|
| 035 |
|
|
|a 9C2B3B93-733A-4B0A-9013-13DE628369A8
|
| 035 |
|
|
|a urn:nbn:sk:snk-km00gj0p
|
| 040 |
|
|
|a SNK
|b slo
|c SNK
|e AACR2
|
| 041 |
0 |
|
|a slo
|
| 043 |
|
|
|a e-xo---
|
| 044 |
|
|
|a xo
|c SK
|
| 072 |
|
7 |
|a 913
|x Regionálna geografia
|2 konspekt
|
| 080 |
|
|
|a 913(437.6)
|2 2011
|
| 080 |
|
|
|a 904:72
|2 2011
|
| 080 |
|
|
|a 904(084.121)
|2 2011
|
| 080 |
|
|
|a 728.81
|2 2011
|
| 080 |
|
|
|a 726:27-523.42
|2 2011
|
| 080 |
|
|
|a 725.948
|2 2011
|
| 080 |
|
|
|a 725.1:339.372.2
|2 2011
|
| 080 |
|
|
|a 712.253
|2 2011
|
| 080 |
|
|
|a 640.412
|2 2011
|
| 080 |
|
|
|a 351.851
|2 2011
|
| 080 |
|
|
|a 378
|2 2011
|
| 100 |
1 |
|
|a Pavlíková, Soňa
|c (fotografka)
|4 pht
|9 283316
|
| 245 |
1 |
0 |
|a Nitra
|h grafika
|b Historická časť : Nitriansky hrad : Obchodný dom Prior : Hotel Nitra : areál Vysokej školy poľnohospodárskej
|c foto Soňa Pavlíková, Izidor Zuzic, Vlasta Šmátralová
|
| 246 |
1 |
|
|i Názov na obrazovej časti:
|a Nitra
|
| 260 |
|
|
|a Bratislava
|b Pravda
|c 1990
|e [Bratislava]
|f TZP-B
|
| 300 |
|
|
|a 1 pohľadnica (5 čiastkových pohľadov)
|b farebná
|c 11 x 15 cm
|
| 520 |
8 |
|
|a Zobrazenie: Päť čiastkových pohľadov, každý v bielom orámovaní, všetky spolu na striebornom podklade. V prvom pohľade je zeleným písmom názov. V druhom pohľade je vľavo hore erb mesta Nitra. Pohľad na poschodový bytový dom vpravo za križovatkou ulíc. Vľavo vidno schody a za nimi na kopci Piaristický kostol sv. Ladislava. Vpravo pred ním sú husté listnaté stromy. Pohľad na fontánu v mestskom parku v popredí, v pozadí vidno Nitriansky hrad na husto zarastenom hradnom kopci. Pohľad na obchodný dom Prior. Pohľad na Hotel Nitra, dnes Študentský domov UKF Nitra, v popredí je trávnatá plocha. Pohľad na kvetinový zázon pozdĺž cesty smerujúce k Vysokej škole poľnohospodárskej vľavo v pozadí. Vľavo medzi výškovými budovami vysokej školy vidno kupolu - "UFO"
|
| 610 |
2 |
7 |
|a Piaristický kostol sv. Ladislava (Nitra, Slovensko)
|2 SNKKA
|9 32678
|
| 610 |
2 |
7 |
|a Nitriansky hrad
|2 SNKKA
|9 165089
|
| 610 |
2 |
7 |
|a Hotel Nitra (Nitra, Slovensko)
|2 SNKKA
|9 283346
|
| 610 |
2 |
7 |
|a Vysoká škola poľnohospodárska v Nitre
|2 SNKKA
|9 165743
|
| 650 |
0 |
7 |
|a kostoly
|2 SNKPH
|9 3023
|
| 650 |
0 |
7 |
|a hrady
|2 SNKPH
|9 3039
|
| 650 |
0 |
7 |
|a fontány
|2 SNKPH
|9 3014
|
| 650 |
0 |
7 |
|a mestské parky
|2 SNKPH
|9 24164
|
| 650 |
0 |
7 |
|a obchodné domy
|2 SNKPH
|9 3005
|
| 650 |
0 |
7 |
|a hotely
|2 SNKPH
|9 18422
|
| 650 |
0 |
7 |
|a vysoké školy
|2 SNKPH
|9 1277
|
| 650 |
0 |
7 |
|a národné kultúrne pamiatky
|2 SNKPH
|9 31192
|
| 651 |
|
7 |
|a Nitra (Slovensko)
|2 SNKPHgeo
|9 15714
|
| 655 |
|
7 |
|a miestne pohľadnice
|2 SNKPH
|9 70510
|
| 655 |
|
7 |
|a pohľadnice kultúrnych pamiatok
|2 SNKPH
|9 70523
|
| 700 |
1 |
|
|a Zuzic, Izidor
|c (fotograf)
|4 pht
|9 283286
|
| 700 |
1 |
|
|a Šmátralová, Vlasta
|c (fotografka)
|4 pht
|9 283285
|
| 852 |
|
|
|a Slovenská národná knižnica
|
| 958 |
|
|
|a GBN
|
| 958 |
|
|
|a GC
|
| 958 |
|
|
|a OND
|
| 958 |
|
|
|a EUIPO
|
| 999 |
|
|
|c 1196334
|d 1198264
|
| 952 |
|
|
|a SNK
|b SNK
|y PREZ
|7 0
|p 17A1409132
|o snkSP 144807
|i snk7095/90
|0 0
|1 0
|4 0
|d 2020-11-09
|f 1
|l 0
|r 2026-02-24 22:27:05
|w 2026-02-24
|
| 952 |
|
|
|a SNK
|b SNK
|y PREZ
|7 0
|p 17A1409131
|o snkSP 144807 D1
|i snk7096/90
|0 0
|1 0
|4 0
|d 2020-11-09
|l 0
|r 2026-02-24 22:27:05
|w 2026-02-24
|